000 01073nam0a22002531 4500
001 rc\4198811
005 20260407140816.0
021 _aRU
_b[52-13318]
035 _a(NLR Aleph) 008201670
090 _a8040823
_c8040823
100 _a20130415d1952 |||y0rusy50 ca
101 0 _arus
102 _aRU
105 _ay z |||||
200 1 _aПоложение о портовом надзоре в морских портах СССР
_fМ-во мор. флота СССР
_aПоложение о государственной морской лоцманской службе СССР
_aПоложение о спасательной службе на морских путях
_e[Утв. 29/III 1952 г.]
210 _aМосква
_cМор. транспорт
_d1952
215 _a31 с.
_d13
606 _aПорты морские
_2psbo
710 0 1 _aСССР
_bМинистерство морского флота
_9513534
_3RU\NLR\AUTH\8810007915
801 0 _aRU
_bNLR
_gpsbo
801 1 _aRU
_bELAR
_2rusmarc
852 _aNLR
_jЭк60 Г-2/276
942 _cBOOK
980 _aNB